Agrarian distress in the United Provinces (being the report of the Committee Appointed by U.P. Provincial Congress Committee (Record no. 355832)

000 -LEADER
fixed length control field 00442cam a22001217a 4500
008 - FIXED-LENGTH DATA ELEMENTS--GENERAL INFORMATION
fixed length control field 180718b1982 xxu||||| |||| 00| 0 eng d
082 ## - DEWEY DECIMAL CLASSIFICATION NUMBER
Classification number Y15x5421 Ut8
245 ## - TITLE STATEMENT
Title Agrarian distress in the United Provinces (being the report of the Committee Appointed by U.P. Provincial Congress Committee
260 ## - PUBLICATION, DISTRIBUTION, ETC.
Place of publication, distribution, etc. Gurgaon
Name of publisher, distributor, etc. Prabhu
Date of publication, distribution, etc. 1982
300 ## - PHYSICAL DESCRIPTION
Extent 275+p
650 ## - SUBJECT ADDED ENTRY--TOPICAL TERM
Topical term or geographic name entry element Land Tenure - India - Uttar Predesh
700 ## - ADDED ENTRY--PERSONAL NAME
Personal name U.P. Provincial Congress Committee
Holdings
Withdrawn status Lost status Damaged status Not for loan Permanent Location Current Location Date acquired Full call number Barcode Date last seen Price effective from Koha item type
        Indian Institute of Public Administration Indian Institute of Public Administration 1993-12-24 Y15x5421 Ut8 58257 2018-07-21 2018-07-21 Book

Powered by Koha